00628nam a22001457a 450000500170000000800410001702000180005804000100007608200230008610000240010924501480013326000500028130000210033165001300035220260303151239.0260303b |||||||| |||| 00| 0 eng d a9789387791657 cVITAP 223a294.555092 NAM aNambath, Suresh Ed. aThe Monk Who Took India to The Worldb: With Curated Selections of Interviews And Articles From The Archives of The Hinduc/ Suresh Nambath Ed. aChennaibTHG Publishing Group Pvt. Ltd.c2025 a255p, ill.: 21cm 0aEarly Life, Guru & Spiritual Training, Journey Across India, Chicago Parliament of Religions (1893), Mission in the West etc.